[Event "?"]
[Site "?"]
[Date "????.??.??"]
[Round "?"]
[White "Kocur, Marc"]
[Black "Smith, Bryan"]
[Result "1-0"]
[WhiteElo "2013"]
[BlackElo "1400"]
[Annotator "2-36"]
[PlyCount "79"]
[EventDate "2004.08.10"]
[SourceDate "2004.08.10"]

1. e4 e6 2. d3 Be7 3. g3 d6 4. Bg2 e5 5. Ne2 Be6 6. f4 Nc6 7. Nbc3 Nf6 8. Nd5
Bxd5 9. exd5 Nb4 10. c4 Nd7 11. a3 Na6 12. fxe5 Nxe5 13. d4 Nd7 14. O-O O-O 15.
Nc3 Nab8 16. Qe2 Bf6 17. Rf4 Re8 18. Qf2 Nf8 19. Ne4 Nbd7 20. Bd2 Ng6 21. Rf5
Bxd4 22. Qxd4 Nde5 23. Bg5 Qd7 24. Raf1 Rf8 25. h4 b6 26. h5 Ne7 27. R5f2 Rae8
28. h6 N7g6 29. hxg7 Kxg7 30. Nf6 Qc8 31. Nxe8+ Qxe8 32. Qd2 Ng4 33. Re2 N6e5
34. Bh6+ Nxh6 35. Qg5+ Kh8 36. Qf6+ Kg8 37. Qxh6 Qd7 38. Bh3 Qd8 39. Rxe5 dxe5
40. Bf5 1-0

[Event "?"]
[Site "?"]
[Date "????.??.??"]
[Round "?"]
[White "Hammond, Andrew"]
[Black "Kraft, Mathias"]
[Result "0-1"]
[WhiteElo "2210"]
[BlackElo "2100"]
[Annotator "2-13"]
[PlyCount "60"]
[EventDate "2004.08.10"]
[SourceDate "2004.08.10"]

1. d4 f5 2. Nf3 Nf6 3. h3 d6 4. Nc3 g6 5. Qd3 c6 6. g4 Na6 7. a3 fxg4 8. hxg4
Bxg4 9. Ng5 Qa5 10. Rb1 Nc7 11. b4 Qa6 12. Qd2 Bg7 13. e4 b5 14. f3 Bh5 15. e5
dxe5 16. dxe5 Nfd5 17. Nxd5 cxd5 18. Qc3 Rc8 19. f4 h6 20. Nh3 O-O 21. Qg3 Ne6
22. Bd3 Nd4 23. Nf2 Nxc2+ 24. Kd2 Qc6 25. Bb2 Nxa3 26. Rbc1 Nc4+ 27. Ke1 Qb6
28. Bxc4 Rxc4 29. Qd3 Rcxf4 30. Nh3 Re4+ 0-1

[Event "?"]
[Site "?"]
[Date "????.??.??"]
[Round "?"]
[White "Parker, Glenn"]
[Black "Nielsen, Rene Ole"]
[Result "1/2-1/2"]
[WhiteElo "1900"]
[BlackElo "2202"]
[Annotator "2-19"]
[PlyCount "93"]
[EventDate "2004.08.10"]
[SourceDate "2004.08.10"]

1. e4 e5 2. Nf3 Nc6 3. Bc4 Bc5 4. O-O Nf6 5. d3 d6 6. h3 Qe7 7. c3 Be6 8. Bb5
Bd7 9. Re1 O-O 10. Bg5 h6 11. Bh4 a6 12. Ba4 b5 13. Bc2 Bb6 14. Nbd2 Nd8 15.
Nf1 Ne6 16. Ng3 g6 17. Ne2 g5 18. Bg3 Nh5 19. d4 Nef4 20. Bxf4 exf4 21. Qd3 Qf6
22. e5 Qg7 23. exd6 cxd6 24. Nd2 d5 25. Nb3 Rac8 26. Qf3 Nf6 27. Nec1 b4 28.
Ne2 Rfe8 29. a3 a5 30. axb4 axb4 31. Ra4 Rc6 32. Rea1 g4 33. Qd3 f3 34. gxf3
Rxe2 35. Ra8+ Re8 36. fxg4 bxc3 37. bxc3 Ne4 38. Rxe8+ Bxe8 39. Ra8 Kf8 40. Nc5
Bxc5 41. Ba4 Qf6 42. f3 Nxc3 43. Rxe8+ Kxe8 44. Bxc6+ Qxc6 45. Qxc3 Bxd4+ 46.
Qxd4 Qc4 47. Qe5+ 1/2-1/2

[Event "?"]
[Site "?"]
[Date "????.??.??"]
[Round "?"]
[White "de Waard, Marco"]
[Black "Victoria, Narciso"]
[Result "1-0"]
[WhiteElo "1977"]
[BlackElo "2192"]
[Annotator "2-18"]
[PlyCount "89"]
[EventDate "2004.08.10"]
[SourceDate "2004.08.10"]

1. d4 d5 2. c4 e6 3. Nf3 c5 4. cxd5 exd5 5. e3 Nf6 6. Nc3 Nc6 7. Be2 Be7 8.
dxc5 Bxc5 9. O-O O-O 10. Nb5 Bf5 11. b3 Qe7 12. Bb2 Rfd8 13. Nbd4 Be4 14. Nxc6
bxc6 15. Rc1 Ba3 16. Bxa3 Qxa3 17. Rxc6 Qxa2 18. Nd4 a5 19. Bb5 Bg6 20. Qc1 Ne8
21. Qc5 Qd2 22. Ra1 Bd3 23. Bxd3 Qxd3 24. h3 a4 25. bxa4 Rxa4 26. Rxa4 Qd1+ 27.
Kh2 Qxa4 28. Nf5 h6 29. Ne7+ Kh7 30. Nxd5 Qa2 31. e4 f5 32. Ne7 fxe4 33. Qf5+
Kh8 34. Ng6+ Kh7 35. Nf8+ Kg8 36. Ne6 Ra8 37. Qf8+ Kh7 38. Qf7 Qd2 39. Nf8+ Kh8
40. Re6 Nd6 41. Ng6+ Kh7 42. Qd7 e3 43. fxe3 Ra2 44. Nf4 Ne4 45. Qe8 1-0

[Event "?"]
[Site "?"]
[Date "????.??.??"]
[Round "?"]
[White "Khalil, Vincent"]
[Black "Olesen, Michael Jacob"]
[Result "0-1"]
[WhiteElo "2129"]
[BlackElo "1845"]
[Annotator "2-23"]
[PlyCount "28"]
[EventDate "2004.08.10"]
[SourceDate "2004.08.10"]

1. e4 d5 2. exd5 Nf6 3. d4 Nxd5 4. c4 Nf6 5. Nc3 g6 6. h3 Bg7 7. Nf3 O-O 8. Be3
c5 9. dxc5 Qa5 10. Bd3 Rd8 11. Qc2 Na6 12. a3 Nb4 13. axb4 Qxa1+ 14. Bc1 Rxd3
0-1

[Event "?"]
[Site "?"]
[Date "????.??.??"]
[Round "?"]
[White "So, Kam"]
[Black "Nielsen, Hendrik Lindholt"]
[Result "0-1"]
[WhiteElo "1666"]
[BlackElo "2028"]
[Annotator "2-35"]
[PlyCount "72"]
[SourceDate "2004.08.10"]

1. e4 c5 2. Nf3 Nc6 3. Bc4 g6 4. d3 Bg7 5. c3 d6 6. O-O Nf6 7. a3 O-O 8. b4 Bg4
9. Nbd2 Ne5 10. h3 Bxf3 11. gxf3 Qd7 12. Kh2 Nh5 13. Rg1 Nf4 14. Rg3 Nfxd3 15.
Bxd3 Nxd3 16. Qc2 Nxc1 17. Rxc1 Be5 18. Rcg1 cxb4 19. axb4 Rac8 20. c4 Qc7 21.
Kh1 Bxg3 22. Rxg3 Qb6 23. Kg2 Qxb4 24. f4 b5 25. f5 bxc4 26. e5 Kg7 27. exd6
Qxd6 28. h4 Rfd8 29. Ne4 Qd1 30. Qc3+ Qd4 31. Qc2 Rb8 32. fxg6 hxg6 33. Ng5 Rd6
34. Nf3 Qd3 35. Qa2 Rb1 36. Qxa7 Qf1+ 0-1

[Event "?"]
[Site "?"]
[Date "????.??.??"]
[Round "?"]
[White "Moen, Steinar"]
[Black "Przedmojski, Rafal"]
[Result "0-1"]
[WhiteElo "2181"]
[BlackElo "2370"]
[Annotator "2-02"]
[PlyCount "76"]
[SourceDate "2004.08.10"]

1. c4 f5 2. g3 Nf6 3. Bg2 g6 4. Nc3 Bg7 5. d3 O-O 6. e4 e5 7. Nge2 d6 8. exf5
gxf5 9. O-O c6 10. d4 Na6 11. b3 Qa5 12. Bb2 Ng4 13. d5 c5 14. h3 Nf6 15. Qd2
Qd8 16. Rae1 Bd7 17. f4 e4 18. Nd1 h5 19. Ne3 Qe8 20. Kh2 Qg6 21. Bc3 Kf7 22.
h4 Ng4+ 23. Nxg4 hxg4 24. Rb1 b6 25. a3 Bf6 26. Rfc1 Rab8 27. b4 Rfe8 28. b5
Nc7 29. a4 a6 30. Bxf6 Qxf6 31. Qc3 Rb7 32. Kg1 Ra8 33. Rb2 axb5 34. axb5 Ra4
35. Qxf6+ Kxf6 36. Kf2 Rba7 37. Rcc2 R7a5 38. Nc3 Rxc4 0-1

[Event "?"]
[Site "?"]
[Date "????.??.??"]
[Round "?"]
[White "Durik, Peter"]
[Black "Helbig, Mark"]
[Result "1-0"]
[WhiteElo "2127"]
[BlackElo "2305"]
[Annotator "2-06"]
[PlyCount "79"]
[SourceDate "2004.08.10"]

1. e4 g6 2. d4 Bg7 3. c4 Nc6 4. Be3 e5 5. d5 Nd4 6. Ne2 c5 7. Nxd4 cxd4 8. Bc1
Nf6 9. Bd3 O-O 10. O-O d6 11. Bg5 h6 12. Bd2 Nd7 13. Qc2 a5 14. Na3 Nc5 15. Nb5
Qe7 16. b3 Bd7 17. a4 f5 18. f3 b6 19. b4 axb4 20. Bxb4 Rac8 21. Qe2 Bf6 22.
Ra2 Bg5 23. Bxc5 Rxc5 24. a5 Be3+ 25. Kh1 bxa5 26. Rxa5 Qh4 27. Ra7 Bxb5 28. g3
Qh3 29. cxb5 fxe4 30. Bxe4 d3 31. Bxd3 e4 32. Bxe4 Rc3 33. Ra6 Bc5 34. Rb1 Re3
35. Qg2 Qc8 36. Rc6 Qe8 37. b6 Rxe4 38. fxe4 Rf2 39. b7 Rxg2 40. Rc8 1-0

[Event "?"]
[Site "?"]
[Date "????.??.??"]
[Round "?"]
[White "Horvath, Milos"]
[Black "Mottais, Francois"]
[Result "1-0"]
[WhiteElo "1735"]
[BlackElo "2062"]
[Annotator "2-32"]
[PlyCount "85"]
[SourceDate "2004.08.10"]

1. d4 Nf6 2. c4 g6 3. Nc3 Bg7 4. Nf3 O-O 5. e4 d6 6. Bd3 c5 7. d5 e6 8. h3 exd5
9. exd5 Re8+ 10. Be3 Nbd7 11. O-O a6 12. Qd2 Qc7 13. Rae1 Ne5 14. Nxe5 dxe5 15.
Bh6 Nh5 16. Be2 Nf6 17. Bd3 Bd7 18. Bxg7 Kxg7 19. Re3 Nh5 20. Rfe1 f5 21. f3
Ng3 22. Bb1 Qd6 23. Qf2 Nh5 24. Ne2 Re7 25. Nc1 Rae8 26. Nd3 b6 27. b3 f4 28.
R3e2 Ng3 29. Rd2 Nf5 30. Nc1 Ne3 31. Be4 b5 32. Qe2 Qf6 33. Rb2 Qg5 34. Qd3
Bxh3 35. Ree2 b4 36. Red2 Qg3 37. Re2 Bxg2 38. Rxg2 Qe1+ 39. Kh2 Qxc1 40. Bxg6
hxg6 41. Qxg6+ Kh8 42. Qf6+ Kh7 43. Qh4# 1-0

[Event "?"]
[Site "?"]
[Date "????.??.??"]
[Round "?"]
[White "Kovarcik, Thomas"]
[Black "Gooris, Jan"]
[Result "0-1"]
[WhiteElo "2222"]
[BlackElo "2113"]
[Annotator "2-11"]
[PlyCount "88"]
[SourceDate "2004.08.10"]

1. d4 Nf6 2. Bg5 d6 3. Bxf6 gxf6 4. e3 e5 5. c4 Bg7 6. Nc3 f5 7. Nge2 Nc6 8. d5
Ne7 9. Qd2 O-O 10. g3 a6 11. a4 Bd7 12. b4 b5 13. cxb5 axb5 14. Bg2 bxa4 15.
O-O Qb8 16. Rfb1 Qb7 17. b5 Rfb8 18. Ra3 Nc8 19. Rxa4 Nb6 20. Rh4 e4 21. f3 Nc4
22. Qc1 Qb6 23. Kf2 Ne5 24. Nf4 Nxf3 25. Bxf3 Qc5 26. Nce2 Rxb5 27. Rxb5 Qxc1
28. Nxc1 Bxb5 29. Nfe2 Bc4 30. h3 Ra5 31. Nc3 Rc5 32. N1e2 Bxe2 33. Nxe2 exf3
34. Kxf3 Rxd5 35. Ra4 Be5 36. Nf4 Bxf4 37. Kxf4 Kg7 38. Ra7 c5 39. Ra4 Kg6 40.
g4 fxg4 41. hxg4 Rd1 42. Ra6 Kf6 43. Ke4 Ke6 44. Rb6 Rg1 0-1

[Event "?"]
[Site "?"]
[Date "????.??.??"]
[Round "?"]
[White "Stuhr, Finn"]
[Black "Hater, David"]
[Result "0-1"]
[WhiteElo "1483"]
[BlackElo "2012"]
[Annotator "2-37"]
[PlyCount "118"]
[SourceDate "2004.08.10"]

1. e4 e5 2. Nf3 Nc6 3. Bb5 a6 4. Ba4 Nf6 5. O-O Nxe4 6. Re1 Nc5 7. Bxc6 dxc6 8.
Nxe5 Be7 9. d4 Ne6 10. c3 O-O 11. Nd2 c5 12. dxc5 Nxc5 13. Qe2 Bd6 14. Ndc4 Re8
15. Qd1 Bxe5 16. Qxd8 Bxh2+ 17. Kxh2 Rxd8 18. Bf4 Be6 19. Ne5 Rd7 20. Re3 b6
21. Nc4 Nd3 22. Bg3 Nxb2 23. Ne5 Rd5 24. Rae1 Nd1 25. Rf3 c5 26. Nc6 Rh5+ 27.
Kg1 Nb2 28. Bd6 h6 29. Ne5 Re8 30. Nxf7 Bxf7 31. Rxe8+ Bxe8 32. Rf8+ Kh7 33.
Rxe8 Rd5 34. Re6 Na4 35. Be5 Rd7 36. c4 Kg8 37. f4 Kf7 38. Rc6 Rd1+ 39. Kh2 Rc1
40. Rc7+ Ke6 41. Rc6+ Kf5 42. Kg3 Rxc4 43. Kf3 h5 44. g3 Rc1 45. Bxg7 Rf1+ 46.
Ke2 Rb1 47. Rf6+ Ke4 48. Re6+ Kd5 49. Re5+ Kc4 50. Re3 b5 51. f5 b4 52. Re4+
Kd5 53. Re5+ Kc6 54. Re3 c4 55. Re7 c3 56. Kd3 Nc5+ 57. Kc2 Rb2+ 58. Kc1 Rxa2
59. f6 Nb3+ 0-1

[Event "?"]
[Site "?"]
[Date "????.??.??"]
[Round "?"]
[White "Charles, Freddy"]
[Black "Daler, Neset"]
[Result "0-1"]
[WhiteElo "1820"]
[BlackElo "2068"]
[Annotator "2-30"]
[PlyCount "126"]
[SourceDate "2004.08.10"]

1. d4 Nf6 2. Nf3 c5 3. c3 b6 4. Bf4 Bb7 5. e3 e6 6. Nbd2 d5 7. Bd3 Bd6 8. Bxd6
Qxd6 9. Ne5 O-O 10. Qe2 Nbd7 11. Ndf3 Ne4 12. Nxd7 Qxd7 13. Ne5 Qc7 14. Ng4 f5
15. Ne5 f4 16. f3 Nd6 17. exf4 Rxf4 18. g3 Rff8 19. O-O Rae8 20. Rac1 a5 21.
Bb1 Bc6 22. Qc2 g6 23. Rfe1 Nf5 24. f4 Bb5 25. Qd2 Qg7 26. Qf2 Rc8 27. Nf3 cxd4
28. Bxf5 exf5 29. Nxd4 Qd7 30. Re5 Bd3 31. Rd1 Be4 32. Nf3 h6 33. Nd2 Qa4 34.
Re1 Qc6 35. Qd4 Qc5 36. Nxe4 Qxd4+ 37. cxd4 dxe4 38. Re6 Kf7 39. Rxb6 Rb8 40.
Rxb8 Rxb8 41. b3 Ke6 42. Rc1 Kd5 43. Rc5+ Kxd4 44. Rxa5 Rb6 45. Ra8 Ke3 46. Rc8
Rd6 47. Rc1 Rd2 48. a4 Ra2 49. Rb1 Kf3 50. Rf1+ Ke3 51. Re1+ Kd3 52. Rd1+ Rd2
53. Ra1 e3 54. b4 Kc2 55. Ra3 Rd3 56. Ra2+ Kd1 57. Kf1 Rd2 58. Ra1+ Kc2 59. Re1
Kd3 60. a5 Rxh2 61. Rd1+ Ke4 62. Rd8 Kf3 63. Kg1 Rc2 0-1

[Event "?"]
[Site "?"]
[Date "????.??.??"]
[Round "?"]
[White "Parisse, Dennis"]
[Black "Champeau, Jayson"]
[Result "1-0"]
[WhiteElo "1960"]
[BlackElo "1056"]
[Annotator "2-41"]
[PlyCount "65"]
[EventDate "2004.08.10"]
[SourceDate "2004.08.10"]

1. e4 e5 2. f4 d6 3. Nf3 Nc6 4. Bc4 exf4 5. d4 Nf6 6. Nc3 Na5 7. Bd3 Bg4 8.
Bxf4 c6 9. b4 d5 10. bxa5 dxe4 11. Nxe4 Nxe4 12. Bxe4 Bb4+ 13. Bd2 Qxa5 14.
Bxb4 Qxb4+ 15. Qd2 Qxd2+ 16. Nxd2 O-O 17. O-O Rad8 18. c3 f5 19. Bf3 Bxf3 20.
Nxf3 b5 21. a4 a6 22. axb5 axb5 23. Ra6 Rf6 24. Re1 h6 25. Re7 Kf8 26. Raa7 g5
27. Ne5 f4 28. Rh7 Kg8 29. Rag7+ Kf8 30. Nd7+ Rxd7 31. Rxd7 Kg8 32. Ra7 Re6 33.
Rhc7 1-0

[Event "?"]
[Site "?"]
[Date "????.??.??"]
[Round "?"]
[White "Bruns, Michael"]
[Black "Vercauteren, Daniel"]
[Result "1-0"]
[WhiteElo "2071"]
[BlackElo "1669"]
[Annotator "2-29"]
[PlyCount "39"]
[EventDate "2004.08.10"]
[SourceDate "2004.08.10"]

1. e4 e5 2. Nf3 Nc6 3. Bc4 Nf6 4. d4 exd4 5. O-O d5 6. exd5 Nxd5 7. Ng5 Be6 8.
Re1 Qd7 9. Nxe6 fxe6 10. Qh5+ Kd8 11. Nd2 Na5 12. Bd3 c5 13. Nf3 Nf6 14. Bg5
Be7 15. Qh3 Kc7 16. Rxe6 Rae8 17. Bf4+ Bd6 18. Bxd6+ Qxd6 19. Rxd6 Kxd6 20.
Qg3+ 1-0

[Event "?"]
[Site "?"]
[Date "????.??.??"]
[Round "?"]
[White "Lebel, Patrick"]
[Black "Morrison, Munroe"]
[Result "1/2-1/2"]
[WhiteElo "2151"]
[BlackElo "1720"]
[Annotator "2-22"]
[PlyCount "47"]
[EventDate "2004.08.10"]
[SourceDate "2004.08.10"]

1. Nf3 d5 2. d4 e6 3. Bf4 Bd6 4. Bg3 Nf6 5. e3 Nbd7 6. Nbd2 Bxg3 7. hxg3 c5 8.
c3 Qc7 9. Bd3 h6 10. Qe2 e5 11. dxe5 Nxe5 12. Nxe5 Qxe5 13. Bb5+ Bd7 14. Bxd7+
Nxd7 15. Rh5 Qe6 16. O-O-O O-O-O 17. Qb5 Qb6 18. Qxb6 Nxb6 19. Nb3 c4 20. Nd4
Kb8 21. Ne2 Rd6 22. Nf4 g5 23. Ne2 Na4 24. b4 1/2-1/2

[Event "?"]
[Site "?"]
[Date "????.??.??"]
[Round "?"]
[White "Mcinnes, Neil"]
[Black "Zengin, Sedat"]
[Result "0-1"]
[WhiteElo "1880"]
[BlackElo "2085"]
[Annotator "2-27"]
[PlyCount "78"]
[EventDate "2004.08.10"]
[SourceDate "2004.08.10"]

1. d4 d5 2. Nf3 Bg4 3. Ne5 Bf5 4. Nc3 c6 5. f3 Nf6 6. g4 Bc8 7. e4 e6 8. Be3
Bb4 9. Qd3 Nbd7 10. Nxd7 Nxd7 11. O-O-O Qa5 12. a3 Bxc3 13. Qxc3 Qxc3 14. bxc3
dxe4 15. fxe4 Nf6 16. e5 Nxg4 17. Bg1 b6 18. h3 Nh6 19. Bd3 Ng8 20. Be3 Ne7 21.
Rhg1 g6 22. Rdf1 Nf5 23. Bd2 h5 24. Kd1 Kd7 25. Rf4 Kc7 26. Ke2 a5 27. Bxf5
exf5 28. Kf3 Be6 29. h4 Rad8 30. Ke3 Rd5 31. Rb1 c5 32. Rb2 Rhd8 33. Rb1 Kc6
34. Rb2 Bc8 35. Rb1 Ba6 36. Rb2 Bb5 37. Be1 f6 38. dxc5 Rxe5+ 39. Kf2 Re2+ 0-1

[Event "?"]
[Site "?"]
[Date "????.??.??"]
[Round "?"]
[White "Csolto, Robert"]
[Black "van Run, Rieke"]
[Result "1-0"]
[WhiteElo "2348"]
[BlackElo "2133"]
[Annotator "2-03"]
[PlyCount "115"]
[EventDate "2004.08.10"]
[SourceDate "2004.08.10"]

1. e4 e5 2. Nf3 Nc6 3. Bb5 a6 4. Ba4 Nf6 5. O-O Be7 6. Re1 b5 7. Bb3 d6 8. a4
Bb7 9. c3 O-O 10. d3 h6 11. Nbd2 Nb8 12. Nf1 Nbd7 13. Ng3 Nc5 14. axb5 axb5 15.
Rxa8 Qxa8 16. Bc2 Rb8 17. Nh4 Bf8 18. Nhf5 Kh7 19. f4 Rd8 20. Qe2 Ne6 21. fxe5
dxe5 22. Rf1 Ng8 23. Nh4 Be7 24. Ngf5 Bf6 25. Nf3 c5 26. Ng3 g6 27. Bb3 Bc8 28.
Bd5 Qa7 29. Be3 Nf4 30. Bxf4 exf4 31. Nh1 Qe7 32. Re1 Bg4 33. Nf2 Bxf3 34. gxf3
Bh4 35. Bb3 c4 36. dxc4 bxc4 37. Bxc4 Qc5 38. Bd5 Nf6 39. c4 Rb8 40. Rf1 Qd4
41. Rb1 Rb3 42. Kg2 Bxf2 43. Qxf2 Re3 44. b4 Nd7 45. b5 Ne5 46. b6 Qd3 47. Rb2
Rxf3 48. Qe2 Qxe2+ 49. Rxe2 Rb3 50. Rc2 Rxb6 51. c5 Rb8 52. c6 Rc8 53. c7 Nd3
54. Bb7 Ne1+ 55. Kf2 Nxc2 56. Bxc8 Nb4 57. Bb7 Nd3+ 58. Kf1 1-0

[Event "?"]
[Site "?"]
[Date "????.??.??"]
[Round "?"]
[White "Celen, Gazi"]
[Black "Karbowiak, Adam"]
[Result "0-1"]
[WhiteElo "2119"]
[BlackElo "2256"]
[Annotator "2-08"]
[PlyCount "131"]
[EventDate "2004.08.10"]
[SourceDate "2004.08.10"]

1. e4 e6 2. d4 d5 3. Nd2 dxe4 4. Nxe4 Bd7 5. Bd3 Bc6 6. Nf3 Nd7 7. O-O Ngf6 8.
Qe2 Be7 9. Re1 O-O 10. Neg5 Bxf3 11. gxf3 Bd6 12. c4 Re8 13. Bc2 c6 14. Qd3 g6
15. f4 Qc7 16. Qf3 Nh5 17. Nh3 Ng7 18. Bd2 Nf5 19. Bc3 Nh4 20. Qg4 Be7 21. Ng5
Nf5 22. Rad1 Bf6 23. d5 Bxc3 24. bxc3 Nf6 25. Qf3 cxd5 26. Bxf5 gxf5 27. cxd5
exd5 28. Rxe8+ Rxe8 29. Qg3 Kf8 30. Qf3 h6 31. Nh3 Qc4 32. a3 Qe2 33. Kg2 Re4
34. Ng1 Qxf3+ 35. Kxf3 Ra4 36. Ra1 Ne4 37. Ne2 Ke7 38. Ke3 Kf6 39. f3 Nd6 40.
Kd3 Nb5 41. Kc2 Rxa3 42. Rxa3 Nxa3+ 43. Kb3 Nc4 44. Kb4 Nd2 45. Nd4 Nf1 46. h3
Kg6 47. Kc5 Ne3 48. Ne2 Kh5 49. Kd4 Nf1 50. Kxd5 Kh4 51. c4 Kxh3 52. c5 Nd2 53.
Nd4 h5 54. Nxf5 Nxf3 55. Nd6 Kg3 56. Nxb7 h4 57. c6 h3 58. c7 h2 59. c8=Q h1=Q
60. Qg8+ Ng5+ 61. Ke5 Qe4+ 62. Kd6 Kxf4 63. Kc7 Ne6+ 64. Kb8 f5 65. Qc8 a5 66.
Qc1+ 0-1

[Event "?"]
[Site "?"]
[Date "????.??.??"]
[Round "?"]
[White "Adkins, James"]
[Black "O'Neill, Steve"]
[Result "1-0"]
[WhiteElo "1944"]
[BlackElo "1320"]
[Annotator "3-36"]
[PlyCount "41"]
[EventDate "2004.08.10"]
[SourceDate "2004.08.10"]

1. f4 e6 2. e4 Nc6 3. d4 d5 4. e5 Nge7 5. Nf3 Nf5 6. c3 Bd7 7. Bd3 f6 8. O-O
fxe5 9. fxe5 Qe7 10. Bg5 Qf7 11. g4 Nh6 12. Nh4 Qg8 13. Ng6 hxg6 14. Bxg6+ Nf7
15. Bxf7+ Qxf7 16. Rxf7 Kxf7 17. Qf3+ Kg8 18. Nd2 Be7 19. Bxe7 Nxe7 20. Rf1 Ng6
21. Qf7+ 1-0

[Event "?"]
[Site "?"]
[Date "????.??.??"]
[Round "?"]
[White "Schott, Guido"]
[Black "Vea, Odin Blikra"]
[Result "1-0"]
[WhiteElo "2195"]
[BlackElo "2057"]
[Annotator "3-19"]
[PlyCount "82"]
[SourceDate "2004.08.10"]

1. e4 c5 2. Nc3 Nc6 3. g3 g6 4. Bg2 Bg7 5. d3 d6 6. Be3 Nd4 7. Nce2 Qa5+ 8. c3
Nc6 9. f4 Nf6 10. h3 Bd7 11. Nf3 c4 12. O-O O-O-O 13. Ng5 Rhf8 14. dxc4 h6 15.
b4 Qc7 16. Nf3 Nxe4 17. Nfd4 f5 18. Qd3 e5 19. Nb5 Qb8 20. Bxe4 fxe4 21. Nxd6+
Kc7 22. Qxe4 Bf5 23. Nxf5 gxf5 24. Qc2 e4 25. Rad1 Qc8 26. b5 Ne7 27. Qa4 Rd3
28. Qxa7 Qd7 29. Bb6+ Kd6 30. Rxd3+ exd3 31. Nd4 Bxd4+ 32. Bxd4 Ke6 33. Qb6+
Kf7 34. Rd1 Ra8 35. Rxd3 Rxa2 36. Qf6+ Ke8 37. Re3 Ra1+ 38. Kf2 Ra2+ 39. Kf3
Qc7 40. Qh8+ Kf7 41. Qg7+ Ke8 1-0

[Event "?"]
[Site "?"]
[Date "????.??.??"]
[Round "?"]
[White "Marek, Mariusz"]
[Black "Ranario, Dan"]
[Result "1-0"]
[WhiteElo "2155"]
[BlackElo "2004"]
[Annotator "3-24"]
[PlyCount "75"]
[SourceDate "2004.08.10"]

1. e4 Nf6 2. e5 Nd5 3. d4 d6 4. c4 Nb6 5. f4 g6 6. Nf3 Bg7 7. Be2 O-O 8. O-O a5
9. Nc3 Na6 10. Qe1 Nb4 11. Rb1 Bf5 12. a3 Bxb1 13. Nxb1 Nc6 14. d5 Nb8 15. Nc3
c6 16. e6 cxd5 17. exf7+ Rxf7 18. Ng5 Rf6 19. cxd5 N8d7 20. Bg4 Nf8 21. Nce4
Rf5 22. Bxf5 gxf5 23. Ng3 Qd7 24. Qd1 h6 25. Nf3 Nh7 26. Qb3 Na4 27. Nh4 Nc5
28. Qc2 e6 29. dxe6 Qxe6 30. Nhxf5 Bh8 31. Bd2 Nf6 32. Nxh6+ Kf8 33. Re1 Nfe4
34. Nxe4 Qxh6 35. Nxc5 Bd4+ 36. Be3 dxc5 37. Bxd4 cxd4 38. Qf5+ 1-0

[Event "?"]
[Site "?"]
[Date "????.??.??"]
[Round "?"]
[White "Geerts, Luc"]
[Black "Lebrun, Roger"]
[Result "0-1"]
[WhiteElo "1573"]
[BlackElo "1938"]
[Annotator "3-37"]
[PlyCount "122"]
[SourceDate "2004.08.10"]

1. d4 Nf6 2. c4 g6 3. Nc3 Bg7 4. Nf3 O-O 5. g3 d6 6. Bg5 h6 7. Bf4 Nh5 8. Be3
Nc6 9. Bg2 a6 10. a3 Na5 11. Nd2 Nc6 12. Nf3 Rb8 13. Qd2 Kh7 14. b4 b5 15. cxb5
axb5 16. Rc1 Qd7 17. Nh4 e5 18. dxe5 Nxe5 19. O-O Nc4 20. Qd3 Nxe3 21. Qxe3 Bb7
22. Nd5 c6 23. Nc3 Nf6 24. Qd3 Ra8 25. Nb1 Rfc8 26. Nf3 Nd5 27. e4 Nb6 28. Nfd2
c5 29. bxc5 dxc5 30. Qxd7 Nxd7 31. Bh3 Rc7 32. Bxd7 Rxd7 33. Rxc5 Bd4 34. Rxb5
Ba6 35. Rd5 Rxd5 36. exd5 Bxf1 37. Kxf1 Rd8 38. Ke2 Rxd5 39. h3 h5 40. f3 Kg7
41. g4 h4 42. Nc4 Rb5 43. Nbd2 Bc3 44. Kd3 Bxd2 45. Kxd2 Rb3 46. Ke2 Rc3 47.
Ne3 Rxa3 48. f4 Ra2+ 49. Kf3 Rh2 50. Ke4 Rxh3 51. g5 Kf8 52. f5 Rxe3+ 53. Kxe3
gxf5 54. Kf4 Kg7 55. Kf3 Kg6 56. Kg2 Kxg5 57. Kh3 Kf4 58. Kg2 Ke3 59. Kg1 Ke2
60. Kg2 f4 61. Kh3 f3 0-1

[Event "?"]
[Site "?"]
[Date "????.??.??"]
[Round "?"]
[White "Capezza, Marco"]
[Black "Horvath, Milos"]
[Result "0-1"]
[WhiteElo "2121"]
[BlackElo "1735"]
[Annotator "3-28"]
[PlyCount "62"]
[SourceDate "2004.08.10"]

1. d4 Nf6 2. Nf3 g6 3. c4 Bg7 4. Nc3 d6 5. e4 O-O 6. Be2 Nbd7 7. O-O e5 8. Bg5
Qe8 9. d5 Nc5 10. Qc2 a5 11. Ne1 h6 12. Bd2 Kh7 13. b3 Ng8 14. g4 f5 15. gxf5
gxf5 16. Kh1 f4 17. Rg1 Rf6 18. Nd3 f3 19. Bf1 Rg6 20. Rxg6 Qxg6 21. Nxc5 dxc5
22. Qd3 Qh5 23. Nd1 Nf6 24. Ne3 Bd7 25. Bc3 Rg8 26. Re1 Bf8 27. Qd1 Ng4 28.
Nxg4 Qxg4 29. Bh3 Qxh3 30. Rg1 Rg2 31. Bxe5 Bd6 0-1

[Event "?"]
[Site "?"]
[Date "????.??.??"]
[Round "?"]
[White "Nielsen, Henrik Lindholt"]
[Black "Krainski, Slawomir"]
[Result "1-0"]
[WhiteElo "2028"]
[BlackElo "2194"]
[Annotator "3-20"]
[PlyCount "95"]
[SourceDate "2004.08.10"]

1. d4 d5 2. Nf3 Bf5 3. Bf4 Nc6 4. c3 f6 5. h3 e6 6. Nbd2 Bd6 7. Bxd6 Qxd6 8.
Nh4 Nge7 9. Nxf5 Nxf5 10. e4 dxe4 11. Nxe4 Qd5 12. Bd3 O-O-O 13. O-O Nd6 14.
Qc2 e5 15. Nxd6+ Qxd6 16. Bf5+ Kb8 17. dxe5 Nxe5 18. Rfd1 Qc5 19. Rxd8+ Rxd8
20. Bxh7 Qd6 21. Be4 g5 22. Qb3 c6 23. Bf5 Kc7 24. Qa4 Qc5 25. Rd1 Nc4 26. Rxd8
Kxd8 27. Qd1+ Kc7 28. Qd7+ Kb6 29. Qd8+ Ka6 30. Bd3 b5 31. Bxc4 Qxc4 32. Qxf6
Qxa2 33. Qxc6+ Ka5 34. Qc7+ Ka6 35. Qc6+ Ka5 36. b4+ Ka4 37. Qa6+ Kb3 38. Qxa2+
Kxa2 39. h4 gxh4 40. f4 Kb3 41. f5 Kxc3 42. f6 Kxb4 43. f7 a5 44. f8=Q+ Kb3 45.
Qf3+ Ka4 46. Qe4+ b4 47. Qxh4 Ka3 48. Qe1 1-0

[Event "?"]
[Site "?"]
[Date "????.??.??"]
[Round "?"]
[White "Serdar, Sari"]
[Black "Wagenaar, Harm Theo"]
[Result "1-0"]
[WhiteElo "1906"]
[BlackElo "2130"]
[Annotator "3-30"]
[PlyCount "134"]
[SourceDate "2004.08.10"]

1. d4 d5 2. Nc3 c6 3. f3 e6 4. e4 Nf6 5. a3 Be7 6. Be3 O-O 7. Bd3 b6 8. b4 Ba6
9. Nh3 Bxd3 10. Qxd3 a5 11. Rb1 axb4 12. axb4 Na6 13. b5 Nb4 14. Qd2 c5 15. e5
Nd7 16. Nd1 Ra2 17. Rb2 Qa8 18. O-O Qa3 19. Rxa2 Qxa2 20. c3 Qxd2 21. Bxd2 Nd3
22. Ndf2 Nxf2 23. Nxf2 Ra8 24. Rb1 Ra2 25. Be3 c4 26. Bc1 f6 27. f4 f5 28. Nd1
Nf8 29. Bb2 g5 30. Ra1 Rxa1 31. Bxa1 gxf4 32. Nb2 Bg5 33. Na4 Nd7 34. Kf2 Kf7
35. Kf3 Bh6 36. Bb2 Kg6 37. Ba3 Kf7 38. Bd6 Bf8 39. Bc7 Ba3 40. Bxb6 Nxb6 41.
Nxb6 Ke8 42. Kxf4 Bc1+ 43. Kf3 Kd8 44. g4 fxg4+ 45. Kxg4 Kc7 46. Na4 Bd2 47.
Kf3 Bh6 48. h4 Bd2 49. Ke2 Bc1 50. Nc5 Kb6 51. Nxe6 Kxb5 52. Ng5 h6 53. Nf7 Kc6
54. h5 Kd7 55. Nd6 Kc6 56. Kd1 Bf4 57. Ke2 Bc1 58. Nf5 Kd7 59. Kd1 Bf4 60. Nh4
Bg5 61. Nf3 Bf4 62. Kc2 Kc6 63. Kb2 Be3 64. Ka3 Bf4 65. Kb4 Bc1 66. Nh4 Bg5 67.
Nf5 Kb6 1-0

[Event "?"]
[Site "?"]
[Date "????.??.??"]
[Round "?"]
[White "Hater, David"]
[Black "Moen, Steinar"]
[Result "1/2-1/2"]
[WhiteElo "2012"]
[BlackElo "2181"]
[Annotator "3-22"]
[PlyCount "41"]
[EventDate "2004.08.10"]
[SourceDate "2004.08.10"]

1. e4 e6 2. d4 d5 3. exd5 exd5 4. Bd3 Nc6 5. Ne2 Bd6 6. c3 Nge7 7. O-O Bg4 8.
Re1 Qd7 9. Qc2 O-O-O 10. b4 Bf5 11. a4 Bxd3 12. Qxd3 Qf5 13. Nf4 Rhe8 14. Kf1
Bxf4 15. Qxf5+ Nxf5 16. Bxf4 Rxe1+ 17. Kxe1 Re8+ 18. Kf1 f6 19. h3 Kd7 20. Nd2
Nd6 21. Re1 1/2-1/2

[Event "?"]
[Site "?"]
[Date "????.??.??"]
[Round "?"]
[White "Vercauteren, Daniel"]
[Black "Zilka, Jozef"]
[Result "1-0"]
[WhiteElo "1669"]
[BlackElo "1458"]
[Annotator "3-41"]
[PlyCount "27"]
[SourceDate "2004.08.10"]

1. e4 d6 2. d4 g6 3. Bc4 Bg7 4. Nf3 Nf6 5. Nc3 O-O 6. O-O Bg4 7. h3 Bd7 8. Re1
c5 9. dxc5 dxc5 10. Bg5 Qb6 11. Bxf6 Bxf6 12. Nd5 Qc6 13. e5 Bg7 14. Nxe7+ 1-0